| 000 | 00705nam a22001697a 4500 | ||
|---|---|---|---|
| 999 |
_c12399 _d12399 |
||
| 008 | 190124b ||||| |||| 00| 0 eng d | ||
| 082 |
_22018 _aUT 1139 _bM42 |
||
| 100 |
_aMatas, Camille Gay C. _934993 |
||
| 245 |
_aPreperensyang estilo sa pag-aaral at akademikong pagganap ng mga mag-aaral sa ika-10 taong ng Digos City national high school / _cCamille Gay C. Matas, Lucille Jayne D. Erie, and Via O. CaƱonera |
||
| 260 |
_aDigos City: _bUMDC _cOctober 2018. |
||
| 300 |
_a51 pages; _c30 cm. |
||
| 650 |
_aEducation _vFilipino _xUndergraduate thesis. _934994 |
||
| 700 |
_aMatas, Camille Gay C. _934993 |
||
| 700 |
_aErie, Lucille Jayne D. _934995 |
||
| 700 |
_aCaƱonera, Via O. _934996 |
||
| 942 |
_2ddc _cUT |
||